000 00282nam a2200097Ia 4500
008 230907s9999||||xx |||||||||||||| ||und||
082 _a523.7
_bSOL
245 0 _aSolar eruptions and energetic particles /
260 _aAmerican Geophysical Union,
_bWashington, DC :
_c2006
942 _cBK
999 _c599108
_d599108